00000000nam##2200000za#4500
0019.608522
003CaOODSP
00520200327111901
007ta
008150406|1992||||xxc|||||     f|0| 0 eng|d
020 |a0-660-13065-3
022 |a0704-576X
040 |aCaOODSP|beng
043 |an-cn---
0861 |aNM95-20/70E
1101 |aCanada.|bNational Museums of Canada. |bCanadian Museum of Nature.
24510|aAtlas of Ontario mosses / |cby Robert R. Ireland and Linda M. Ley.
260 |aOttawa - Ontario : |bNational Museums of Canada. |c1992.
300 |a138p. : |bmaps, references ; |c28 cm.
4901 |aSyllogeus|x0704-576X|v70
500 |a"This atlas shows the distributions of 490 species and varieties of mosses presently known for the province of Ontario. The distributions are based on herbarium specimens examined and verified. Information is given on the physiography, geology, climate and vegetation of the province."--Abstract, p. iii.
5203 |aThis atlas shows the distributions of 490 species and varieties of mosses presently known for the province of Ontario. The distributions are based on herbarium specimens examined and verified. Information is given on the physiography, geology, climate and vegetation of the province.--Abstract, p. iii
563 |aSoftcover
7201 |aIreland, Robert R.
7201 |aLey, Linda M.
830#0|aSyllogeus,|x0704-576X|v70|w(CaOODSP)9.514830